[Event "Noisiel op 4th Op A"]
[Site "Noisiel"]
[Date "2019.03.02"]
[Round "1.10"]
[White "Toulzac, Pierre Yves"]
[Black "Travadon, Loic"]
[Result "0-1"]
[WhiteElo "2126"]
[BlackElo "2444"]
[PlyCount "99"]
[EventDate "2019.02.04"]
[EventType "swiss"]
[EventRounds "9"]
[EventCountry "FRA"]
[SourceTitle "EXT 2020"]
[Source "ChessBase"]
[SourceDate "2019.10.17"]
[SourceVersion "1"]
[SourceVersionDate "2019.10.17"]
[SourceQuality "1"]

1. d4 Nf6 2. c4 e6 3. Nf3 b6 4. a3 Bb7 5. Nc3 g6 6. d5 Bg7 7. g3 0-0 8. Bg2 Na6 9. 0-0 Nc5 10. Nd4 e5 11. Nb3 Nxb3 12. Qxb3 d6 13. Qc2 Nh5 14. b4 f5 15. Bb2 Bc8 16. c5 f4 17. cxd6 cxd6 18. Nb5 Ba6 19. Qa4 Bxb5 20. Qxb5 fxg3 21. hxg3 Bh6 22. Bh3 Kh8 23. Qd7 Qxd7 24. Bxd7 Nf6 25. Bc6 Rac8 26. Kg2 Rc7 27. f3 Kg8 28. a4 Bd2 29. Ba3 h5 30. Rfd1 Bh6 31. b5 Rd8 32. Bb4 Re7 33. a5 e4 34. axb6 axb6 35. Ra2 exf3+ 36. exf3 Re3 37. Be1 Rb3 38. Bf2 Be3 39. Bxe3 Rxe3 40. Ra7 Rf8 41. Rb7 Re2+ 42. Kf1 Rb2 43. Kg1 h4 44. g4 Nh7 45. f4 Rxf4 46. Bd7 g5 47. Be6+ Kh8 48. Ra1 Rf8 49. Rxb6 h3 50. Rxd6 0-1

[Event "Paris-ch op-A 89th"]
[Site "Paris"]
[Date "2014.07.05"]
[Round "1"]
[White "Bellardi, Michel"]
[Black "Toulzac, Pierre Yves"]
[Result "0-1"]
[WhiteElo "1962"]
[BlackElo "2233"]
[PlyCount "54"]
[EventDate "2014.07.05"]
[EventType "swiss"]
[EventRounds "9"]
[EventCountry "FRA"]
[SourceTitle "EXT 2016"]
[Source "ChessBase"]
[SourceDate "2015.10.08"]
[SourceVersion "1"]
[SourceVersionDate "2015.10.08"]
[SourceQuality "1"]

1. e4 d6 2. d4 Nf6 3. Nc3 c6 4. Be3 Qa5 5. Qd2 e5 6. f3 b5 7. g4 Be7 8. h4 b4 9. Nce2 Na6 10. Ng3 exd4 11. Bxd4 c5 12. Be3 0-0 13. g5 Ne8 14. h5 d5 15. exd5 Nd6 16. g6 Bf6 17. h6 Re8 18. Nh5 fxg6 19. Nxf6+ gxf6 20. Be2 c4 21. c3 Bf5 22. Qd4 Re5 23. f4 Re4 24. Qxf6 Ne8 25. Qc6 Rc8 26. Qb7 Rxe3 27. cxb4 Nxb4 0-1

[Event "Bois Colombes op"]
[Site "Bois Colombes"]
[Date "2014.06.11"]
[Round "?"]
[White "Toulzac, Pierre Yves"]
[Black "Debray, Christopher"]
[Result "1/2-1/2"]
[WhiteElo "2233"]
[BlackElo "2351"]
[PlyCount "26"]
[EventDate "2013.06.11"]
[EventType "swiss"]
[EventRounds "6"]
[EventCountry "FRA"]
[SourceTitle "EXT 2015"]
[Source "ChessBase"]
[SourceDate "2014.11.20"]
[SourceVersion "1"]
[SourceVersionDate "2014.11.20"]
[SourceQuality "1"]

1. d4 d5 2. c4 c6 3. Nc3 dxc4 4. g3 e5 5. Be3 exd4 6. Qxd4 Qxd4 7. Bxd4 Be6 8. Nh3 Na6 9. Nf4 Nc5 10. Bxc5 Bxc5 11. Nxe6 fxe6 12. e3 Nf6 13. Bxc4 Ke7 1/2-1/2

[Event "Paris-ch op-B 87th"]
[Site "Paris"]
[Date "2012.07.07"]
[Round "1"]
[White "Abbas, Talal"]
[Black "Toulzac, Pierre Yves"]
[Result "0-1"]
[WhiteElo "2006"]
[BlackElo "2273"]
[PlyCount "54"]
[EventDate "2012.07.07"]
[EventType "swiss"]
[EventRounds "9"]
[EventCountry "FRA"]
[SourceTitle "EXT 2013"]
[Source "ChessBase"]
[SourceDate "2012.11.22"]
[SourceVersion "1"]
[SourceVersionDate "2012.11.22"]
[SourceQuality "1"]

1. d4 Nf6 2. Nf3 d6 3. Nc3 c6 4. e4 Bg4 5. Be2 e6 6. Bg5 Be7 7. Qd2 d5 8. Bxf6 Bxf6 9. e5 Be7 10. Ng1 Bf5 11. 0-0-0 c5 12. f4 cxd4 13. Nb5 Nc6 14. Nxd4 Nxd4 15. Qxd4 Qa5 16. Kb1 Rc8 17. Bd3 Bg4 18. Be2 Bc5 19. Qd2 Qxd2 20. Rxd2 Bf5 21. Bd3 Be3 22. Rd1 Bxd3 23. Rxd3 Bxf4 24. Nf3 Rc7 25. Rf1 a6 26. g3 Bh6 27. Nd4 g6 0-1

[Event "Tallinn CSIT 2nd"]
[Site "Tallinn"]
[Date "2010.07.06"]
[Round "5.5"]
[White "Wegerer, Fred"]
[Black "Toulzac, Pierre Yves"]
[Result "1/2-1/2"]
[WhiteElo "2207"]
[BlackElo "2229"]
[PlyCount "26"]
[EventDate "2010.07.03"]
[EventType "team-tourn"]
[EventRounds "6"]
[EventCountry "EST"]
[SourceTitle "EXT 2011"]
[Source "ChessBase"]
[SourceDate "2010.11.26"]
[SourceVersion "1"]
[SourceVersionDate "2010.11.26"]
[SourceQuality "1"]
[WhiteTeam "ASKO"]
[BlackTeam "FSGT"]
[WhiteTeamCountry "AUT"]
[BlackTeamCountry "FRA"]

1. c4 g6 2. Nc3 Bg7 3. d3 d6 4. g3 f5 5. Bg2 c6 6. h4 Nf6 7. Bg5 Ng4 8. Nh3 Nd7 9. Qc1 Nc5 10. b4 Ne6 11. Bd2 a5 12. b5 Bd7 13. Rb1 h5 1/2-1/2

[Event "Malakoff op 9th"]
[Site "Malakoff"]
[Date "2010.04.22"]
[Round "7"]
[White "Toulzac, Pierre Yves"]
[Black "Sengupta, Deep"]
[Result "0-1"]
[WhiteElo "2231"]
[BlackElo "2496"]
[PlyCount "58"]
[EventDate "2010.04.17"]
[EventType "swiss"]
[EventRounds "9"]
[EventCountry "FRA"]
[SourceTitle "CBM 136 Extra"]
[Source "ChessBase"]
[SourceDate "2010.07.02"]
[SourceVersion "2"]
[SourceVersionDate "2010.07.15"]
[SourceQuality "1"]

1. d4 d5 2. e4 dxe4 3. Nc3 Nf6 4. f3 exf3 5. Nxf3 Bg4 6. h3 Bxf3 7. Qxf3 c6 8. Be3 e6 9. Bd3 Nbd7 10. 0-0 Qc7 11. Ne4 h6 12. c4 0-0-0 13. b4 Nxe4 14. Bxe4 f5 15. Bc2 Nb6 16. c5 Nd5 17. Rab1 g5 18. b5 Bg7 19. Bf2 Nf4 20. b6 axb6 21. cxb6 Qd6 22. Rfd1 Qd5 23. Rb3 Qxf3 24. Rxf3 Ne2+ 25. Kf1 Nxd4 26. Ra3 Kb8 27. Bd3 Nb5 28. Rb3 Nc3 29. Rd2 Rd5 0-1

[Event "Bois Colombes op"]
[Site "Bois Colombes"]
[Date "2009.??.??"]
[Round "1"]
[White "Ribeiro, Romain"]
[Black "Toulzac, Pierre Yves"]
[Result "1-0"]
[WhiteElo "2165"]
[BlackElo "2282"]
[PlyCount "123"]
[EventDate "2009.12.26"]
[EventType "swiss"]
[EventRounds "7"]
[EventCountry "FRA"]
[SourceTitle "CBM 134 Extra"]
[Source "ChessBase"]
[SourceDate "2010.03.03"]
[SourceVersion "1"]
[SourceVersionDate "2010.03.03"]
[SourceQuality "1"]

1. e4 e5 2. Nf3 d6 3. d4 exd4 4. Nxd4 Nf6 5. Nc3 Be7 6. Be2 0-0 7. 0-0 Re8 8. f4 Bf8 9. Bf3 Nbd7 10. Re1 c6 11. a4 Qc7 12. a5 Nc5 13. Kh1 a6 14. h3 Bd7 15. Re2 Rad8 16. Qe1 Bc8 17. Qg3 d5 18. e5 Nfe4 19. Bxe4 Nxe4 20. Nxe4 dxe4 21. Be3 c5 22. Nb3 Be6 23. Nd2 Bd5 24. Bf2 Re6 25. Qe3 f5 26. exf6 gxf6 27. f5 Ree8 28. Nb3 Qe5 29. Bg3 Qxb2 30. c4 Bh6 31. Rxb2 Bxe3 32. cxd5 c4 33. d6 cxb3 34. Rxb3 Bc5 35. Rd1 e3 36. d7 Re7 37. Rxb7 e2 38. Rc1 Bd6 39. Bxd6 Rexd7 40. Rxd7 Rxd7 41. Rc8+ Kg7 42. Bg3 Rd1+ 43. Kh2 e1Q 44. Rc7+ Kg8 45. Bxe1 Rxe1 46. Rc6 Re5 47. Rxa6 Rxf5 48. Ra7 Rf4 49. a6 Ra4 50. Kg3 h5 51. Kf3 f5 52. Ke3 Kh8 53. Kd3 f4 54. Kc3 Ra2 55. Kb3 Rxg2 56. Rb7 Rg6 57. a7 Ra6 58. Rb8+ Kg7 59. a8Q Rxa8 60. Rxa8 Kg6 61. Kc4 Kg5 62. Kd4 1-0

[Event "Paris-ch op-A"]
[Site "Paris"]
[Date "2008.07.02"]
[Round "5"]
[White "Toulzac, Pierre Yves"]
[Black "Ballester, Alexandre"]
[Result "1/2-1/2"]
[WhiteElo "2239"]
[BlackElo "2101"]
[PlyCount "39"]
[EventDate "2008.06.28"]
[EventType "swiss"]
[EventRounds "9"]
[EventCountry "FRA"]
[SourceTitle "CBM 125 Extra"]
[Source "ChessBase"]
[SourceDate "2008.09.01"]
[SourceVersion "1"]
[SourceVersionDate "2008.09.01"]
[SourceQuality "1"]

1. d4 d5 2. c4 c6 3. Nc3 Nf6 4. Nf3 e6 5. Bg5 dxc4 6. e4 b5 7. e5 h6 8. Bh4 g5 9. Nxg5 hxg5 10. Bxg5 Nbd7 11. exf6 Bb7 12. g3 c5 13. d5 Nxf6 14. Bg2 Be7 15. 0-0 Nxd5 16. Bxe7 Kxe7 17. Nxb5 Qb6 18. Na3 c3 19. Nc4 Qc7 20. Qc1 1/2-1/2

[Event "Paris-ch int"]
[Site "Paris"]
[Date "2007.07.07"]
[Round "1"]
[White "Shchekachev, Andrei"]
[Black "Toulzac, Pierre Yves"]
[Result "1-0"]
[WhiteElo "2541"]
[BlackElo "2312"]
[PlyCount "65"]
[EventDate "2007.07.07"]
[EventType "swiss"]
[EventRounds "9"]
[EventCountry "FRA"]
[SourceTitle "CBM 119 Extra"]
[Source "ChessBase"]
[SourceDate "2007.09.04"]
[SourceVersion "1"]
[SourceVersionDate "2007.09.04"]
[SourceQuality "1"]

1. Nf3 d6 2. d4 Nf6 3. c4 g6 4. Nc3 Bg7 5. e4 0-0 6. Be2 Na6 7. 0-0 e5 8. Be3 Ng4 9. Bg5 Qe8 10. h3 h6 11. Bh4 Nf6 12. Bxf6 Bxf6 13. c5 exd4 14. Nd5 Bd8 15. cxd6 Qxe4 16. Bc4 cxd6 17. Re1 Qf5 18. Rc1 Nc7 19. Nxd4 Qg5 20. Nf3 Qf5 21. Ne7+ Bxe7 22. Rxe7 Ne6 23. Qxd6 Qf4 24. Qxf4 Nxf4 25. Ne5 Be6 26. Bxe6 Ne2+ 27. Kf1 Nxc1 28. Bxf7+ Kg7 29. Bd5+ Kf6 30. Re6+ Kg7 31. Rxg6+ Kh7 32. Be4 Kh8 33. Rxh6+ 1-0

[Event "Villeneuve Tolosane op"]
[Site "Villeneuve Tolosane"]
[Date "2007.02.20"]
[Round "2"]
[White "Canonge, Jerome"]
[Black "Toulzac, Pierre Yves"]
[Result "1/2-1/2"]
[WhiteElo "1941"]
[BlackElo "2305"]
[PlyCount "88"]
[EventDate "2007.02.19"]
[EventType "swiss"]
[EventRounds "9"]
[EventCountry "FRA"]
[SourceTitle "CBM 117 Extra"]
[Source "ChessBase"]
[SourceDate "2007.05.09"]
[SourceVersion "1"]
[SourceVersionDate "2007.05.09"]
[SourceQuality "1"]

1. d4 Nf6 2. Bg5 Ne4 3. Bf4 c5 4. f3 Qa5+ 5. c3 Nf6 6. Nd2 cxd4 7. Nb3 Qb6 8. Qxd4 Nc6 9. Qxb6 axb6 10. Nd4 e5 11. Nxc6 exf4 12. Nd4 Nd5 13. e4 fxe3 14. Bc4 Nc7 15. 0-0-0 g6 16. f4 Bh6 17. g3 0-0 18. Ngf3 d5 19. Bb3 Bg4 20. Rhe1 Rfe8 21. Rd3 e2 22. Rxe2 Rxe2 23. Nxe2 Re8 24. Ned4 Bg7 25. Kd2 Kf8 26. Re3 Rd8 27. Ne5 Bc8 28. Ndf3 h6 29. Rd3 Bf5 30. Rd4 Be4 31. Nxf7 Bxd4 32. Nxd8 Bxf3 33. cxd4 Ke7 34. Ke3 Bg4 35. Nxb7 Bc8 36. Nc5 bxc5 37. dxc5 Bb7 38. Bc2 Ne6 39. b4 d4+ 40. Kd2 Bd5 41. a4 Kf6 42. Bd3 g5 43. f5 Nd8 44. g4 Ke5 1/2-1/2

[Event "Paris-ch"]
[Site "Paris"]
[Date "2006.07.12"]
[Round "4"]
[White "Blazkova, Petra"]
[Black "Toulzac, Pierre Yves"]
[Result "1/2-1/2"]
[WhiteElo "2173"]
[BlackElo "2331"]
[PlyCount "76"]
[EventDate "2006.07.08"]
[EventType "swiss"]
[EventRounds "9"]
[EventCountry "FRA"]
[SourceTitle "EXT 2007"]
[Source "ChessBase"]
[SourceDate "2006.11.23"]
[SourceVersion "1"]
[SourceVersionDate "2006.11.23"]
[SourceQuality "1"]

1. e4 d6 2. d4 Nf6 3. Nc3 c6 4. Nf3 Bg4 5. h3 Bh5 6. g4 Bg6 7. Qe2 e6 8. h4 h5 9. g5 Nfd7 10. d5 e5 11. Bh3 Nb6 12. Be3 Be7 13. 0-0-0 0-0 14. Nd2 cxd5 15. exd5 Na6 16. Qb5 Nc7 17. Bxb6 axb6 18. Qxb6 Qb8 19. Kb1 Ra6 20. Qe3 b5 21. Nb3 b4 22. Ne2 Qb5 23. Nec1 Nxd5 24. Qe2 Nc7 25. Qxb5 Nxb5 26. Rhe1 f6 27. Nd3 fxg5 28. Nxb4 Ra4 29. Nd5 Ra7 30. Bf1 Rxf2 31. Re2 Rxe2 32. Bxe2 Nd4 33. Nxd4 exd4 34. hxg5 Bf7 35. Rxd4 Bxg5 36. a3 Ra5 37. Bf3 h4 38. c4 h3 1/2-1/2

[Event "Paris-ch"]
[Site "Paris"]
[Date "2006.07.12"]
[Round "9"]
[White "Saatdjian, Thomas"]
[Black "Toulzac, Pierre Yves"]
[Result "0-1"]
[WhiteElo "2202"]
[BlackElo "2331"]
[PlyCount "66"]
[EventDate "2006.07.08"]
[EventType "swiss"]
[EventRounds "9"]
[EventCountry "FRA"]
[SourceTitle "EXT 2007"]
[Source "ChessBase"]
[SourceDate "2006.11.23"]
[SourceVersion "1"]
[SourceVersionDate "2006.11.23"]
[SourceQuality "1"]

1. Nf3 d6 2. d4 Nf6 3. c4 g6 4. Nc3 Bg7 5. e4 0-0 6. Be2 e5 7. d5 Nh5 8. 0-0 a5 9. a3 Na6 10. b4 f5 11. Nd2 Nf4 12. g3 Nxe2+ 13. Qxe2 f4 14. Re1 Bh3 15. Rb1 axb4 16. axb4 f3 17. Qd3 g5 18. Nd1 g4 19. Ne3 h5 20. Nf5 Bf6 21. Nf1 Bxf1 22. Qxf1 Bg5 23. Bxg5 Qxg5 24. Re3 Nb8 25. c5 Nd7 26. cxd6 cxd6 27. Rc1 Rxf5 28. exf5 Qxf5 29. Qb5 h4 30. Qxb7 Rb8 31. Rc8+ Kf7 32. Qxd7+ Qxd7 33. Rxb8 Qa7 0-1

[Event "Paris-ch"]
[Site "Paris"]
[Date "2006.07.12"]
[Round "2"]
[White "Toulzac, Pierre Yves"]
[Black "Do Huu Thuy, Trang"]
[Result "0-1"]
[WhiteElo "2331"]
[BlackElo "2170"]
[PlyCount "114"]
[EventDate "2006.07.08"]
[EventType "swiss"]
[EventRounds "9"]
[EventCountry "FRA"]
[SourceTitle "EXT 2007"]
[Source "ChessBase"]
[SourceDate "2006.11.23"]
[SourceVersion "1"]
[SourceVersionDate "2006.11.23"]
[SourceQuality "1"]

1. d4 Nf6 2. c4 g6 3. Nc3 Bg7 4. e4 0-0 5. Nf3 d6 6. Be2 Nbd7 7. Bg5 c5 8. d5 b5 9. cxb5 a6 10. 0-0 axb5 11. Bxb5 Ba6 12. a4 h6 13. Bd2 Bxb5 14. axb5 Rxa1 15. Qxa1 Qc7 16. Qa6 Nb6 17. Na4 Nxa4 18. Qxa4 Qb7 19. e5 Ra8 20. Qc2 Nh7 21. exd6 exd6 22. Bf4 Rd8 23. Qb3 g5 24. Bc1 Rb8 25. h4 Bf6 26. hxg5 hxg5 27. Qd3 Qd7 28. Nd2 Rxb5 29. Ne4 Be7 30. Ng3 Rb4 31. Nf5 Bf6 32. Qh3 Kh8 33. Bd2 Re4 34. Bc3 Bxc3 35. bxc3 g4 36. Qh5 Re5 37. Ra1 Qxf5 38. Qh6 Re8 39. Qxd6 Nf6 40. Qxc5 Qxd5 41. Qxd5 Nxd5 42. c4 Nf6 43. c5 Re6 44. Ra4 Re1+ 45. Kh2 Rc1 46. Ra8+ Kg7 47. Rc8 Rc3 48. c6 Ne4 49. f3 gxf3 50. gxf3 Nd6 51. Rd8 Rxc6 52. Kg3 Kf6 53. Rh8 Nf5+ 54. Kf2 Rc2+ 55. Ke1 Nd4 56. Rh3 Kf5 57. Kd1 Ra2 0-1

[Event "Paris-ch"]
[Site "Paris"]
[Date "2006.07.12"]
[Round "8"]
[White "Toulzac, Pierre Yves"]
[Black "Sochacki, Christophe"]
[Result "1-0"]
[WhiteElo "2331"]
[BlackElo "2030"]
[PlyCount "81"]
[EventDate "2006.07.08"]
[EventType "swiss"]
[EventRounds "9"]
[EventCountry "FRA"]
[SourceTitle "EXT 2007"]
[Source "ChessBase"]
[SourceDate "2006.11.23"]
[SourceVersion "1"]
[SourceVersionDate "2006.11.23"]
[SourceQuality "1"]

1. d4 d5 2. c4 c6 3. Nc3 Nf6 4. Nf3 e6 5. cxd5 exd5 6. Bg5 Be7 7. e3 Bg4 8. Qc2 Nbd7 9. Bd3 h6 10. Bh4 Nh5 11. Bxe7 Qxe7 12. Nd2 Nf4 13. 0-0 Nxd3 14. Qxd3 0-0 15. f4 g6 16. h3 Bf5 17. Qe2 Nf6 18. Nf3 b5 19. Ne5 Rac8 20. g4 Be4 21. Rac1 Qe6 22. Qf2 h5 23. f5 gxf5 24. gxf5 Qd6 25. Qf4 b4 26. Na4 Kg7 27. Kf2 Kh7 28. Rg1 b3 29. axb3 Rc7 30. Nc5 Ng8 31. Ke2 Qh6 32. Ng6 Rfc8 33. Nxe4 dxe4 34. Qe5 f6 35. Qd6 Qg7 36. Nf4 Qf7 37. Ne6 Rd7 38. Qf4 Qe8 39. Rg6 Rd5 40. Rcg1 c5 41. Rh6+ 1-0

[Event "Paris-ch"]
[Site "Paris"]
[Date "2006.07.12"]
[Round "1"]
[White "Vachier Lagrave, Maxime"]
[Black "Toulzac, Pierre Yves"]
[Result "1-0"]
[WhiteElo "2577"]
[BlackElo "2331"]
[PlyCount "69"]
[EventDate "2006.07.08"]
[EventType "swiss"]
[EventRounds "9"]
[EventCountry "FRA"]
[SourceTitle "EXT 2007"]
[Source "ChessBase"]
[SourceDate "2006.11.23"]
[SourceVersion "1"]
[SourceVersionDate "2006.11.23"]
[SourceQuality "1"]

1. e4 d6 2. d4 Nf6 3. Nc3 c6 4. g3 Nbd7 5. Bg2 e5 6. Nge2 Be7 7. a4 b6 8. 0-0 a6 9. h3 0-0 10. g4 Kh8 11. Ng3 Ne8 12. Nce2 Bb7 13. Nf5 g6 14. Nxe7 Qxe7 15. f4 Rd8 16. Ng3 c5 17. dxe5 dxe5 18. f5 g5 19. f6 Ndxf6 20. Qe1 Ng8 21. Nf5 Qf6 22. Ra3 Qg6 23. h4 f6 24. Rb3 b5 25. axb5 axb5 26. Qa5 Nd6 27. Nxd6 Rxd6 28. Qc7 Rfd8 29. Qxb7 gxh4 30. g5 Rd1 31. Qxb5 fxg5 32. Qxc5 Rxf1+ 33. Bxf1 Qxe4 34. Rb4 Qe1 35. Qe3 1-0

[Event "Champigny sur Marne op 6th"]
[Site "Champigny sur Marne"]
[Date "2006.02.19"]
[Round "5"]
[White "Oupindrin, Narayanin"]
[Black "Toulzac, Pierre Yves"]
[Result "0-1"]
[WhiteElo "2044"]
[BlackElo "2268"]
[PlyCount "84"]
[EventDate "2006.02.16"]
[EventType "swiss"]
[EventRounds "6"]
[EventCountry "FRA"]
[SourceTitle "EXT 2007"]
[Source "ChessBase"]
[SourceDate "2006.11.23"]
[SourceVersion "1"]
[SourceVersionDate "2006.11.23"]
[SourceQuality "1"]

1. e4 c5 2. Nf3 e6 3. d4 cxd4 4. Nxd4 Nf6 5. Bd3 Nc6 6. Nxc6 bxc6 7. 0-0 e5 8. c4 Bc5 9. Nd2 a5 10. Nf3 d6 11. Qe2 Qb6 12. h3 h6 13. Ne1 g6 14. Nc2 Nh5 15. Qf3 Ra7 16. b3 Re7 17. Rb1 Re6 18. Be3 Rf6 19. Bxc5 dxc5 20. Qe3 Nf4 21. Rfd1 Rd6 22. Bf1 Rxd1 23. Rxd1 Ne6 24. Qg3 Qc7 25. Kh2 0-0 26. Be2 Kh7 27. Kh1 f6 28. h4 h5 29. Qe3 Nd4 30. Nxd4 cxd4 31. Qg3 c5 32. Bd3 Qd7 33. f3 g5 34. Kg1 Rg8 35. Kf2 Qg7 36. hxg5 Qxg5 37. Qxg5 fxg5 38. g3 Rf8 39. Kg2 Rxf3 40. Be2 Rc3 41. Bxh5 Rc2+ 42. Kf3 g4+ 0-1

[Event "Syre Memorial op 28th"]
[Site "Issy les Moulineaux"]
[Date "2005.05.07"]
[Round "5"]
[White "Plantet, Marc"]
[Black "Toulzac, Pierre Yves"]
[Result "0-1"]
[WhiteElo "2036"]
[BlackElo "2284"]
[PlyCount "51"]
[EventDate "2005.05.05"]
[EventType "swiss"]
[EventRounds "6"]
[EventCountry "FRA"]
[SourceTitle "EXT 2007"]
[Source "ChessBase"]
[SourceDate "2006.11.23"]
[SourceVersion "1"]
[SourceVersionDate "2006.11.23"]
[SourceQuality "1"]

1. e4 d6 2. d4 Nf6 3. Nc3 c6 4. f3 Qc7 5. Be3 b5 6. a3 e5 7. Bd3 a6 8. Nge2 c5 9. dxc5 dxc5 10. Nd5 Nxd5 11. exd5 c4 12. Be4 Bd6 13. g4 g6 14. Ng3 Nd7 15. Qd2 Bb7 16. Qf2 Be7 17. h4 0-0-0 18. Rd1 Qd6 19. Bd2 Qc7 20. Qa7 Bc5 21. d6 Bxa7 22. dxc7 Kxc7 23. Ba5+ Bb6 24. Bc3 Bxe4 25. Nxe4 f5 26. Ng5 0-1